000 00688nam a2200241Ia 4500
003 OSt
005 20220918201052.0
006 a|||||r|||| 00| 0
007 ta
008 220917b |||||||| |||| 00| 0 eng d
024 _a91,508
037 _cTextual
040 _aARTS
_cARTS
_beng
041 _2eng
_aeng
082 _aV1:10X03M24:N4, H4-;1
100 _aLaski Harold J
_939001
245 0 _aFaith, reasons, and civilization
_b an essay in historical analysis
260 _aNew York
_bViking Press
_c1984
300 _a187p.
_ccm.
650 _aWORLD HISTORY
942 _hV1:10X03M24:N4, H4-;1
_cTEXL
_2CC
999 _c215167
_d215167